Library Banner

افکار و حوادث (Record no. 80914)

MARC details
000 -LEADER
fixed length control field 00414nam a22001457a 4500
005 - DATE AND TIME OF LATEST TRANSACTION
control field 20151211152319.0
008 - FIXED-LENGTH DATA ELEMENTS--GENERAL INFORMATION
fixed length control field 151211b xxu||||| |||| 00| 0 eng d
040 ## - CATALOGING SOURCE
Transcribing agency PK-LaUMT
082 ## - DEWEY DECIMAL CLASSIFICATION NUMBER
Classification number MSC 335.331095491
Item number ABD-A
100 ## - MAIN ENTRY--PERSONAL NAME
Personal name عبدالمجید سالک
245 ## - TITLE STATEMENT
Title افکار و حوادث
Statement of responsibility, etc عبدالمجید سالک
260 ## - PUBLICATION, DISTRIBUTION, ETC. (IMPRINT)
Place of publication, distribution, etc کراچی
Name of publisher, distributor, etc مطبع جامعہ
Date of publication, distribution, etc 2003
300 ## - PHYSICAL DESCRIPTION
Extent 174 ص
942 ## - ADDED ENTRY ELEMENTS (KOHA)
Koha item type Books
Holdings
Withdrawn status Lost status Damaged status Home library Current library Date acquired Full call number Barcode Date last seen Price effective from Koha item type
      UMT Main Campus UMT Main Campus 2015-12-11 MSC 335.331095491 ABD-A 95007 2015-12-11 2015-12-11 Books